Statistics for Countries beginning with S

Click here to take the quiz!

General Stats

  • This quiz has been taken 27 times
  • The average score is 23 of 26

Answer Stats

HintAnswer% Correct
EuropeSwitzerland
100%
AfricaSeychelles
96%
OceaniaSolomon Islands
96%
North AmericaSaint Lucia
92%
North AmericaSaint Vincent and the Grenadines
92%
EuropeSan Marino
92%
EuropeSerbia
92%
EuropeSlovakia
92%
EuropeSlovenia
92%
AsiaSouth Korea
92%
EuropeSpain
92%
North AmericaSaint Kitts and Nevis
88%
OceaniaSamoa
88%
AsiaSaudi Arabia
88%
AfricaSouth Africa
88%
AfricaSouth Sudan
88%
AfricaSudan
88%
EuropeSweden
88%
AfricaSenegal
84%
AfricaSierra leone
84%
AsiaSingapore
84%
AfricaSao Tome and Principe
80%
AfricaSuriname
80%
AfricaSomalia
76%
AsiaSri Lanka
76%
AfricaSyria
68%

Score Distribution

Percentile by Number Answered

Percent of People with Each Score

Your Score History

You have not taken this quiz